| 000 | 00397nam a2200145Ia 4500 | ||
|---|---|---|---|
| 041 | _aArabic | ||
| 082 | _a796.05 cut-382 ر | ||
| 100 | _a20260118u\\\\\\\\\\\y0engy0103\\\\ba | ||
| 100 | _aابراهيم رحمة | ||
| 245 | 0 | _aتغذية الرياضيين | |
| 250 | _aط1 | ||
| 260 |
_bدار الفكر للطباعة والنشر والتوزيع _c2000 |
||
| 300 | _a111 | ||
| 942 | _cBk | ||
| 999 |
_c190345 _d190345 |
||